000 00605nam a2200157Ia 4500
005 20250718142146.0
008 250718s9999 xx 000 0 und d
020 _a9780141439938
082 _a942.066092
_bPEP
100 _aPepys, Samuel
245 4 _aThe Diary of Samuel Pepys
260 _bPenguin Classics
_c2003
500 _aIn his diary, Pepys provides a definitive eyewitness account of the main events in 1660s English history, along with lively descriptions of his socializing, his amorous entanglements, his theatre-going and music-making.
650 _aAuthors, English
942 _cENGLISH
999 _c576349
_d576349